01780nam a2200169Ia 4500001001300000003001000013008004100023040002500064041000700089100002000096245006300116250001100179260012300190300001200313500127000325650001501595b7174-53269 IT-MiCISF161014s9999||||xx |||||||||||||| ||und|| aIT-MiCISFcIT-MiCISF ait aGranados José 0aUna sola carne in un solo spirito: teologia del matrimonio a1a ed. a Siena - RomabCantagalli, Siena; Pontificio Istituto Giovanni Paolo II per studi su Matrimonio e Famiglia, Romac2014 app. 416 a / matrimonio-sacramento, teologia, magistero, patristica, storia, Bibbia, Chiesa, celebrazione-matrimonio, verginità, amore-coniugale / La teologia del matrimonio si colloca ad un crocevia presso il quale si danno appuntamento tanti elementi diversi: la carne e lo spirito, l'uomo e la donna, l'amore umano e l'amore divino, il privato e il pubblico, la tradizione e il futuro, la natura e la fede Come integrare tutti questi aspetti? Gesù stesso ha indicato la via: "Ciò che Dio ha unito, l'uomo non lo separi" (Mt 19,6). Dio è la fonte dell'amore che ha unito l'uomo e la donna nel matrimonio e li associa in un cammino di comunione sempre più profonda. Inoltre, "ciò che Dio ha unito" si rivela in modo insuperabile nella venuta al mondo del Figlio di Dio: Egli nella sua Incarnazione e nella sua consegna di amore per la Chiesa, diventa in modo esimio "ciò che Dio ha unito". Queste due unioni (uomo e donna, Gesù e Chiesa) offrono la chiave interpretativa per leggere questo manuale del matrimonio. A partire dall'amore pieno del Risorto sorge una luce che svela il linguaggio della carne, dalle sue origini fino alla pienezza definitiva. Si mostra così - secondo l'A. - il ruolo strategico del matrimonio nell'intera economia sacramentaria. amatrimonio